00579nam a2200181 a 4500001001000000005001700010008004100027040001800068041001100086050002400097245006900121260003700190300004200227500003400269546003600303600004100339700001700380BRCA_158120190320203457.0790507s1977 mx-a---##c---#000-0#spa-d aDLCcDLCdDLC aspaeng 4aND813.C5b.E57 197710aEnrique Climentcdiseño y cuidado de la edición Jordi Boldo. aMéxicobJoaquín Mortizc1977 a143 p.bil. (algunas a color)c28 cm. aIncluye índice de láminas aTexto en : español e inglés14aCliment, Enriqued1897-vCatálogos1 aBoldo, Jordi